000 00618nam a22002177a 4500
008 240610b mp ||||| |||| 00| 0 mon d
035 _a36424
040 _aDO1421060
_bmon
_cMN-UlNLM
_dMN-UlNLM
_erda
041 _amon
042 _a87862
084 _2NNA
_a83.8
_bК 98
100 _aКэстнер Э.
245 0 _aНисдэг анги
264 _aУБ
_b"АDМОN"ХХК
_c2022
300 _a213х.
336 _2rdacontent
_atext
_btxt
337 _2rdamedia
_aunmediated
_bn
338 _2rdacarrier
_avolume
_bnc
650 _aХүүхдийн сонирхолтой өгүүллэг
942 _2NNA
_cBK
999 _c980315
_d980372